000 01338nam a2200313 i 4500
003 EG-GICUC
005 20260121101532.0
008 251222s2002 ua ||||fr|||| 00| 0 ara d
040 _a EG-GICUC
_bara
_c EG-GICUC
_d EG-GICUC
_erda
041 0 _aara
082 0 4 _221
_a345.456
_bم ح . ت
092 0 4 _221
099 _aLaw1 07 345.456 م ح . ت 2002
100 0 _aمحمد ماجد ياقوت
_eمؤلف.
245 1 2 _aالتحقيق فى المخالفات التأديبية :
_bدراسة مقارنة /
_cمحمد ماجد ياقوت.
264 1 _aالاسكندرية :
_bمنشأة المعارف،
_c2002.
300 _a533 ؛ صفحة
_c24 سم.
336 _2rda content
_atext
337 _2rda media
_aComputer
338 _2rda carrier
_aOnline Resource
504 _aيحتوي على ارجاعات ببليوجرافية يحتوي على قائمة بالمراجع
546 _aالنص أغلبه باللغة العربية بعض النصوص الإنجليزية والفرنسية
650 1 4 _aاجراءات وضمانات تأديب العاملين المدنين بالدولة
_xالقانون الإداري
650 1 4 _aالمخالفات التأديبية
651 1 _2qrmak
856 4 0 _uhttps://fll.law.cu.edu.eg/fulltext/bks/B07-01678.pdf
905 _a75
942 _2ddc
_cBK
_e21
_n0
999 _c52163
_d52163